Catálogo público

Food For Thogth / (Record no. 172734)

MARC details
000 -CABECERA
campo de control de longitud fija 00728nam a2200229Ia 4500
001 - NÚMERO DE CONTROL
campo de control dia_2215
003 - IDENTIFICADOR DEL NÚMERO DE CONTROL
campo de control CHAP
005 - FECHA Y HORA DE LA ÚLTIMA TRANSACCIÓN
campo de control 20251021153423.0
008 - DATOS DE LONGITUD FIJA--INFORMACIÓN GENERAL
campo de control de longitud fija 220117s1974 xx 000 0 und d
010 ## - NÚMERO DE CONTROL DE LA BIBLIOTECA DEL CONGRESO
Número de control de LC 172734
040 ## - FUENTE DE LA CATALOGACIÓN
Centro/agencia transcriptor CHAP
082 ## - NÚMERO DE LA CLASIFICACIÓN DECIMAL DEWEY
Número de clasificación 641.1 L32
100 ## - ENTRADA PRINCIPAL--NOMBRE DE PERSONA
Nombre de persona Labuza, T.
9 (RLIN) 152402
245 ## - MENCIÓN DE TÍTULO
Título Food For Thogth /
Mención de responsabilidad, etc. by T. Labuza
260 ## - PUBLICACIÓN, DISTRIBUCIÓN, ETC.
Lugar de publicación, distribución, etc. Westport, Connecticut :
Nombre del editor, distribuidor, etc. the Avi Publishing Co.,
Fecha de publicación, distribución, etc. 1974
300 ## - DESCRIPCIÓN FÍSICA
Extensión 179 p.
600 ## - PUNTO DE ACCESO ADICIONAL DE MATERIA--NOMBRE DE PERSONA
Nombre de persona 1.Nutrición/ 2.Alimentos-conservación/ 3.Alimentos- deshidratación/ 4.Alimentos-leyes y legislación-E.U./ 5.Alimentos-enlatado.
9 (RLIN) 152403
901 ## - ELEMENTOS DE DATOS A LOCAL LDA (RLIN)
a 641.1 L32
902 ## - ELEMENTOS DE DATOS B LOCAL, LDB (RLIN)
a M
905 ## - ELEMENTOS DE DATOS E LOCAL, LDE (RLIN)
a 0000001974 WESX 0000000000ING00
942 ## - ELEMENTOS DE PUNTO DE ACCESO ADICIONAL (KOHA)
Tipo de ítem Koha Libro
Fuente del sistema de clasificación o colocación Dewey Decimal Classification
Holdings
Estado de retiro Estado de pérdida Fuente del sistema de clasificación o colocación Estado dañado Restricciones de uso No para préstamo Código de colección Localización permanente Ubicación/localización actual Fuente de adquisición Total de préstamos Signatura topográfica completa Código de barras Fecha visto por última vez Fecha del último préstamo Número de copia Tipo de ítem Koha
    Dewey Decimal Classification   Préstamo 5 días   General Ingenieria Agroindustrial Ingenieria Agroindustrial Compra Vale 293 1 641.1 L32 dia_710 09/04/2024 04/04/2024 Ej. 2 Libro
    Dewey Decimal Classification   Préstamo interno   General Ingenieria Agroindustrial Ingenieria Agroindustrial Compra Vale 292   641.1 L32 dia_709 18/01/2022   Ej. 1 Libro